| 000 | 00649cam a22002051 4500 | ||
|---|---|---|---|
| 001 | l 62000063 | ||
| 003 | DLC | ||
| 005 | 20260227111546.0 | ||
| 008 | 840914s1962 dcuc 000 0 eng | ||
| 010 | _al 62000063 | ||
| 040 |
_aDLC/ICU _cICU _dDLC |
||
| 043 | _an-us--- | ||
| 050 | 0 | 0 |
_aHD7256.U5 _bA57 1962 |
| 110 | 1 |
_aUnited States. _bPresident's Committee on Employment of the Handicapped. |
|
| 245 | 1 | 0 |
_aEmployment of the mentally handicapped; _ba group discussion. |
| 260 |
_aWashington _c[1962] |
||
| 300 |
_aiii, 28 p. _bports. _c23 cm. |
||
| 500 | _aCover title. | ||
| 650 | 0 |
_aPeople with mental disabilities _xEmployment _zUnited States. |
|
| 999 |
_c37077 _d37077 |
||